| 000 | 00518nam a2200181 a 4500 | ||
|---|---|---|---|
| 005 | 20221118063602.0 | ||
| 008 | 991125s1941 mx 000 0 spa u | ||
| 035 | _aUPN01000052703 | ||
| 049 | _aLT | ||
| 050 | 4 |
_aLB1573 M6 _bA3.7 |
|
| 100 | 1 | _aAgua de Sol | |
| 245 | 1 | 0 |
_aSalvita, ó, El niño hispanoamericano / _cAgua de Sol. |
| 260 |
_aMéxico : _b[s.n.], _c1941. |
||
| 300 |
_a271 p. : _bil. |
||
| 650 | 4 |
_aLectura _xEstudio y enseñanza (Elemental) _92805 |
|
| 740 | 3 | _aEl niño hispanoamericano | |
| 905 | _aLibro | ||
| 999 |
_c52703 _d52703 |
||